[Event "Nis Palilula"]
[Site "Nis"]
[Date "2022.05.30"]
[Round "5"]
[White "Milovanovic, Srboljub"]
[Black "Savic, Ivan"]
[Result "1/2-1/2"]
[WhiteElo "1980"]
[BlackElo "1929"]
[PlyCount "38"]
[EventDate "2022.05.27"]
[EventType "tourn"]
[EventRounds "7"]
[EventCountry "SRB"]
[SourceTitle "CBM 208 Extra"]
[Source "ChessBase"]
[SourceDate "2022.07.31"]
[SourceVersion "1"]
[SourceVersionDate "2022.07.31"]
[SourceQuality "1"]

1. d4 d5 2. Nf3 Nf6 3. c4 e6 4. Nc3 Be7 5. Bg5 0-0 6. e3 h6 7. Bh4 Ne4 8. Bxe7 Qxe7 9. Bd3 Nxc3 10. bxc3 dxc4 11. Bxc4 c5 12. 0-0 Nd7 13. Qe2 cxd4 14. exd4 b6 15. Ba6 e5 16. Rfc1 Bxa6 17. Qxa6 exd4 18. Nxd4 Nc5 19. Qe2 Rfe8 1/2-1/2

[Event "Nis op-B"]
[Site "Nis"]
[Date "2015.04.22"]
[Round "4"]
[White "Savic, Ivan"]
[Black "Petrovic, Tamara"]
[Result "1-0"]
[WhiteElo "2046"]
[BlackElo "1929"]
[PlyCount "97"]
[EventDate "2015.04.20"]
[EventType "swiss"]
[EventRounds "9"]
[EventCountry "SRB"]
[SourceTitle "CBM 166 Extra"]
[Source "ChessBase"]
[SourceDate "2015.06.18"]
[SourceVersion "1"]
[SourceVersionDate "2015.06.18"]
[SourceQuality "1"]

1. e4 c5 2. Nc3 d6 3. g3 g6 4. d3 Bg7 5. Bg2 Nc6 6. Nge2 e6 7. Be3 Nge7 8. Qd2 a6 9. Bh6 0-0 10. h4 Re8 11. h5 Bh8 12. hxg6 fxg6 13. Nf4 Ne5 14. 0-0-0 N7c6 15. Nfe2 Ng4 16. Rdf1 Nxh6 17. Qxh6 Qe7 18. Rh2 Bf6 19. Qd2 Rf8 20. f4 Rb8 21. g4 Bd7 22. Rfh1 Rf7 23. Kb1 b5 24. g5 Bh8 25. f5 exf5 26. exf5 Be5 27. f6 Qe8 28. Rh6 Nd4 29. Nf4 Bxf4 30. Qxf4 Nf5 31. R6h3 Bc6 32. Be4 Bxe4 33. dxe4 Ng7 34. Qxd6 Ne6 35. Qg3 Nd4 36. Qh4 Rbb7 37. Nd5 Nc6 38. Qf4 Rbd7 39. b3 Kf8 40. Qh4 Kg8 41. Qg4 Qe5 42. Ne7+ Rdxe7 43. fxe7 Qxe7 44. Qc8+ Nd8 45. Rd3 Rf8 46. Rd7 Qxe4 47. Rdxh7 Nf7 48. Qd7 Qf5 49. Rh8+ 1-0

[Event "SRB Central-chT qual"]
[Site "Nis"]
[Date "2014.10.02"]
[Round "1"]
[White "Radosavljevic, Novica"]
[Black "Savic, Ivan"]
[Result "1-0"]
[WhiteElo "2090"]
[BlackElo "2027"]
[PlyCount "87"]
[EventDate "2014.10.02"]
[EventType "team-tourn"]
[EventRounds "7"]
[EventCountry "SRB"]
[SourceTitle "CBM 163 Extra"]
[Source "ChessBase"]
[SourceDate "2014.12.23"]
[SourceVersion "1"]
[SourceVersionDate "2014.12.23"]
[SourceQuality "1"]

1. e4 e5 2. Nf3 Nf6 3. d4 Nxe4 4. dxe5 d5 5. Bd3 Nc5 6. 0-0 Bg4 7. h3 Bh5 8. Bf4 Be7 9. Re1 Nxd3 10. Qxd3 c6 11. Nbd2 Nd7 12. c4 Nc5 13. Qe3 dxc4 14. Nxc4 0-0 15. Rad1 Qe8 16. Nd6 Bxd6 17. Rxd6 Ne6 18. Bg3 Nc7 19. Nd4 Nd5 20. Qd2 Bg6 21. f4 Qc8 22. Rc1 Ne7 23. Bf2 Be4 24. g4 h5 25. f5 hxg4 26. hxg4 Rd8 27. Qe3 Bd5 28. Qg5 Qc7 29. f6 Ng6 30. Nf5 Rxd6 31. exd6 Qd7 32. Re1 Be6 33. Ne7+ Kf8 34. fxg7+ Kxg7 35. Bd4+ Kf8 36. Qh6+ Ke8 37. Nxg6 Qxd6 38. Qf4 Rd8 39. Qxd6 Rxd6 40. Be5 Rd2 41. Nf4 Rd7 42. Nxe6 fxe6 43. Kf2 Kf7 44. Kg3 1-0

[Event "SRB-CupT Central Serbia"]
[Site "Serbia"]
[Date "2014.05.03"]
[Round "7.8"]
[White "Tojagic, Dane"]
[Black "Savic, Ivan"]
[Result "1-0"]
[WhiteElo "2270"]
[BlackElo "2048"]
[PlyCount "81"]
[EventDate "2014.03.23"]
[EventType "team"]
[EventRounds "8"]
[EventCountry "SRB"]
[SourceTitle "EXT 2015"]
[Source "ChessBase"]
[SourceDate "2014.11.20"]
[SourceVersion "1"]
[SourceVersionDate "2014.11.20"]
[SourceQuality "1"]

1. d4 d5 2. c4 e6 3. Nc3 Be7 4. cxd5 exd5 5. Qc2 c6 6. Nf3 Nf6 7. Bg5 h6 8. Bh4 0-0 9. e3 Ne4 10. Bg3 f5 11. Be2 Nd7 12. 0-0 Ndf6 13. Be5 Ng4 14. h3 Nxe5 15. Nxe5 Bd6 16. f4 Ng3 17. Rf3 Nxe2+ 18. Qxe2 Bxe5 19. fxe5 Be6 20. Raf1 Qe7 21. Qf2 Rf7 22. Ne2 g5 23. Ng3 g4 24. Nxf5 Bxf5 25. Rxf5 Rxf5 26. Qxf5 gxh3 27. Qxh3 Rf8 28. Qxh6 Rxf1+ 29. Kxf1 Qb4 30. e6 Qc4+ 31. Kg1 Qb4 32. a3 Qe7 33. Qg6+ Kh8 34. g3 b6 35. Kg2 c5 36. Qh5+ Kg7 37. Qxd5 cxd4 38. exd4 Kf6 39. Qe5+ Kg6 40. Qe4+ Kg7 41. Qg4+ 1-0

[Event "SRB-chT2 South CS"]
[Site "Nis"]
[Date "2012.09.22"]
[Round "3.3"]
[White "Savic, Nebojsa"]
[Black "Savic, Ivan"]
[Result "1/2-1/2"]
[WhiteElo "2092"]
[BlackElo "2056"]
[PlyCount "56"]
[EventDate "2012.09.21"]
[EventType "team-tourn"]
[EventRounds "10"]
[EventCountry "SRB"]
[SourceTitle "EXT 2019"]
[Source "ChessBase"]
[SourceDate "2018.10.10"]
[SourceVersion "1"]
[SourceVersionDate "2018.10.10"]
[SourceQuality "1"]

1. e4 e5 2. Nc3 Nf6 3. Bc4 Nc6 4. a3 a6 5. d3 Bc5 6. h3 h6 7. Be3 Bxe3 8. fxe3 d6 9. Nf3 Qe7 10. Qd2 Nd8 11. Qf2 Be6 12. Nd5 Nxd5 13. exd5 Bd7 14. e4 0-0 15. g4 b5 16. Ba2 Rc8 17. 0-0-0 a5 18. Rdg1 b4 19. axb4 axb4 20. Kd2 Ra8 21. Bc4 Nb7 22. g5 h5 23. g6 fxg6 24. Rxg6 Be8 25. Rg2 Qf6 26. Rf1 Bd7 27. Qg3 Qf4+ 28. Qxf4 Rxf4 1/2-1/2